000 00295nam a2200109Ia 4500
008 171211s9999 xx 000 0 und d
245 _aDas Strassenkampf Handbuch
245 _cPeyton Quinn
260 _c2003
650 _xMartial Arts
856 _uhttp://down.ebook777.com/057/9783933253118.pdf
999 _c348190
_d348190